000 00341nam a2200133Ia 4500
005 20251222175933.0
008 251222s9999||||xx |||||||||||||| ||spa||
020 _a978-9972-04-400-7
082 _a344.01/G87
100 _aGuerrero, Víctor Anacleto
245 0 _aManual de Derecho del Trabajo
264 _bJurídica Grijley
942 _cLIB
999 _c41106
_d41106